000 00538 a2200181 4500
003 OSt
005 20240208113751.0
008 240208b |||||||| |||| 00| 0 eng d
020 _a9789383756865
040 _coclc
082 _a894.8128
_bSUK/M
100 _aSukumaran, Kanhiramattom
_910424
245 _aMalayala varamozhikalikal /
_c Kanhiramattom Sukumaran
250 _a1st ed.
260 _aKozhikode:
_bOlive publication,
_c2015.
300 _a66p.
942 _2ddc
_cBK
_h894.8128
_iSUK/M
_k894.8128
_mSUK/M
999 _c44390
_d44390